| 000 | 00417nam a22001817a 4500 | ||
|---|---|---|---|
| 003 | CEME | ||
| 005 | 20210628203021.0 | ||
| 008 | 210415b xxu||||| |||| 00| 0 eng d | ||
| 020 | _a0-442-25778-3 | ||
| 040 | _c. | ||
| 082 | _a530.3 ENC'B | ||
| 100 |
_aBesancon, R.M _962885 |
||
| 245 | _aThe encyclopedia of physics | ||
| 250 | _a3RD | ||
| 260 |
_aDELHI _bCBS _c1985 |
||
| 300 | _aXVII,1378P | ||
| 942 |
_cBK _2ddc |
||
| 999 |
_c571845 _d571845 |
||